|
|
|
|
| LEADER |
00000cam a2200000 a 4500 |
| 001 |
vtls010319434 |
| 003 |
SK-MaSNL |
| 005 |
20260301032135.0 |
| 008 |
111019s2011 xo o g 000 0 slo |
| 015 |
|
|
|a SNBE2012/03-00750
|
| 020 |
|
|
|a 9788085446678 (brož.)
|
| 040 |
|
|
|a SNK
|b slo
|c SNK
|e AACR2
|
| 041 |
0 |
|
|a slo
|
| 043 |
|
|
|a e-xo---
|
| 044 |
|
|
|a xo
|c SK
|
| 072 |
|
7 |
|a 614.84
|x Požiare. Ochrana pred požiarmi
|2 konspekt
|
| 080 |
|
|
|a 614.842.83
|2 2001
|
| 080 |
|
|
|a (437.6)
|2 2001
|
| 080 |
|
|
|a (082.2)
|2 2001
|
| 080 |
|
|
|a 614.842-051-027.556
|2 2001
|
| 080 |
|
|
|a 614.84(091)
|2 2001
|
| 245 |
0 |
0 |
|a 130 rokov Dobrovoľného hasičského zboru v Skalici 1881-2011
|c [texty: Jozef Dermíšek ... [et al.]]
|
| 246 |
3 |
|
|a Stotridsať rokov Dobrovoľného hasičského zboru v Skalici 1881-2011
|
| 250 |
|
|
|a 1. vyd.
|
| 260 |
|
|
|a Skalica
|b Záhorské múzeum
|c 2011
|
| 300 |
|
|
|a 28 s.
|b fotogr.
|c 20 cm
|
| 366 |
|
|
|e 500 výt.
|
| 610 |
2 |
7 |
|a Dobrovoľný hasičský zbor (Skalica, Slovensko)
|2 SNKKA
|9 328915
|
| 648 |
|
7 |
|a 1881-2011
|2 SNKPH
|9 328916
|
| 650 |
0 |
7 |
|a hasičské zbory
|2 SNKPH
|9 74452
|
| 650 |
0 |
7 |
|a dobrovoľní hasiči
|2 SNKPH
|9 75564
|
| 650 |
0 |
7 |
|a dejiny požiarnej ochrany
|2 SNKPH
|9 120861
|
| 651 |
|
7 |
|a Skalica (Slovensko)
|2 SNKPH
|9 25101
|
| 655 |
|
7 |
|a jubilejné publikácie
|2 SNKPH
|9 70339
|
| 700 |
1 |
|
|a Dermíšek, Jozef
|4 aut
|9 328917
|
| 700 |
1 |
|
|a Čermák, Drahomír
|4 aut
|9 328918
|
| 700 |
1 |
|
|a Kukliš, Tomáš
|4 aut
|9 328919
|
| 700 |
1 |
|
|a Bílik, Miroslav
|4 aut
|9 328920
|
| 852 |
|
|
|a Štátna vedecká knižnica v Banskej Bystrici
|
| 919 |
|
|
|a 978-80-85446-67-8
|
| 999 |
|
|
|c 577891
|d 579821
|
| 952 |
|
|
|a SNK
|b SNK
|y PREZ
|7 0
|p 17A0754826
|o snkOSD 9611
|i snk2011/21823
|8 0
|0 0
|1 0
|4 0
|d 2011-10-27
|l 0
|r 2026-02-23 14:39:29
|w 2026-02-23
|
| 952 |
|
|
|a SNK
|b SNK
|y VYP
|7 0
|p 17A0754825
|o snkOSD 9611 D1
|i snk2011/21824
|8 0
|0 0
|1 0
|4 0
|d 2011-10-27
|l 0
|r 2026-02-23 14:39:29
|w 2026-02-23
|